Library Banner

The self in performance : (Record no. 113277)

MARC details
000 -LEADER
fixed length control field 01011cam a22003015i 4500
001 - CONTROL NUMBER
control field 19293057
005 - DATE AND TIME OF LATEST TRANSACTION
control field 20190722124607.0
008 - FIXED-LENGTH DATA ELEMENTS--GENERAL INFORMATION
fixed length control field 160928s2016 nyu b 001 0 eng c
020 ## - INTERNATIONAL STANDARD BOOK NUMBER
International Standard Book Number 9781137541536 (alk. paper)
020 ## - INTERNATIONAL STANDARD BOOK NUMBER
International Standard Book Number 1137541539 (alk. paper)
040 ## - CATALOGING SOURCE
Transcribing agency PK-LaUMT
082 ## - DEWEY DECIMAL CLASSIFICATION NUMBER
Classification number 616.891523
Item number SEL-
245 04 - TITLE STATEMENT
Title The self in performance :
Remainder of title autobiographical, self-revelatory, and autoethnographic forms of therapeutic theatre /
Statement of responsibility, etc edited by Susana Pendzik, Renée Emunah, David Read Johnson
260 ## - PUBLICATION, DISTRIBUTION, ETC. (IMPRINT)
Place of publication, distribution, etc New York :
Name of publisher, distributor, etc Palgrave Macmillan,
Date of publication, distribution, etc 2016
300 ## - PHYSICAL DESCRIPTION
Extent xvi, 271 p. ;
Dimensions 22 cm
650 #0 - SUBJECT ADDED ENTRY--TOPICAL TERM
Topical term or geographic name as entry element Arts
General subdivision Therapeutic use.
650 #0 - SUBJECT ADDED ENTRY--TOPICAL TERM
Topical term or geographic name as entry element Autobiography
General subdivision Therapeutic use.
650 #0 - SUBJECT ADDED ENTRY--TOPICAL TERM
Topical term or geographic name as entry element Theater.
650 12 - SUBJECT ADDED ENTRY--TOPICAL TERM
Topical term or geographic name as entry element Psychodrama
General subdivision methods.
650 22 - SUBJECT ADDED ENTRY--TOPICAL TERM
Topical term or geographic name as entry element Personal Narratives as Topic.
650 #7 - SUBJECT ADDED ENTRY--TOPICAL TERM
Topical term or geographic name as entry element Arts
General subdivision Therapeutic use.
650 #7 - SUBJECT ADDED ENTRY--TOPICAL TERM
Topical term or geographic name as entry element Autobiography
General subdivision Therapeutic use.
650 #7 - SUBJECT ADDED ENTRY--TOPICAL TERM
Topical term or geographic name as entry element Theater.
700 1# - ADDED ENTRY--PERSONAL NAME
Personal name Pendzik, Susana,
700 1# - ADDED ENTRY--PERSONAL NAME
Personal name Emunah, Renee,
700 1# - ADDED ENTRY--PERSONAL NAME
Personal name Johnson, David Read,
942 ## - ADDED ENTRY ELEMENTS (KOHA)
Koha item type Books
Holdings
Withdrawn status Lost status Damaged status Home library Current library Date acquired Full call number Barcode Date last seen Price effective from Koha item type
      UMT Main Campus UMT Main Campus 2019-07-22 616.891523 SEL- 130387 2019-10-08 2019-07-22 Books